BIBLIOTECA PODER JUDICIAL
Portal Judicial TDF

De la tutela a la adopción plena : (Registro nro. 6276)

000 -LEADER
fixed length control field 01058nab a22002417a 4500
003 - CONTROL NUMBER IDENTIFIER
control field OSt
005 - DATE AND TIME OF LATEST TRANSACTION
control field 20260128210308.0
008 - FIXED-LENGTH DATA ELEMENTS--GENERAL INFORMATION
fixed length control field 190514b xxu||||| |||| 00| 0 spa d
040 ## - CATALOGING SOURCE
Transcribing agency PJ
100 ## - MAIN ENTRY--PERSONAL NAME
9 (RLIN) 6671
Personal name Fonollosa, Rocío
245 10 - TITLE STATEMENT
Title De la tutela a la adopción plena :
Remainder of title la voz adolescente y el lenguaje claro en la justicia de la(s) familia(s) /
Statement of responsibility, etc Rocío Fonollosa.
300 ## - PHYSICAL DESCRIPTION
Extent p. 200-209
500 ## - GENERAL NOTE
General note Cita: TR LALEY AR/DOC/2713/2025.
505 ## - FORMATTED CONTENTS NOTE
Formatted contents note Sumario: I. Introducción.— II. Antecedentes del caso.— III. Desarrollo.— IV. Palabras finales.
505 ## - FORMATTED CONTENTS NOTE
Title Fallo comentado: JFamilia, Niñez y Adolescencia Nro. 1 Neuquén ~ 31/03/2025 ~ G. D. s/ adopción.
650 #0 - SUBJECT ADDED ENTRY--TOPICAL TERM
9 (RLIN) 967
Topical term or geographic name as entry element DERECHO DE FAMILIA
650 #0 - SUBJECT ADDED ENTRY--TOPICAL TERM
9 (RLIN) 974
Topical term or geographic name as entry element ADOPCIÓN
650 #0 - SUBJECT ADDED ENTRY--TOPICAL TERM
9 (RLIN) 5790
Topical term or geographic name as entry element LENGUAJE CLARO
650 #0 - SUBJECT ADDED ENTRY--TOPICAL TERM
9 (RLIN) 5662
Topical term or geographic name as entry element ADOLESCENTES
650 #0 - SUBJECT ADDED ENTRY--TOPICAL TERM
9 (RLIN) 1057
Topical term or geographic name as entry element JURISPRUDENCIA APLICABLE
773 0# - HOST ITEM ENTRY
Host Biblionumber 2844
Host Itemnumber 3222
Place, publisher, and date of publication Buenos Aires : AbeledoPerrot, 1989-
Title Derecho de familia. Revista Interdisciplinaria de doctrina y jurisprudencia. Diciembre 2025-VI.
International Standard Book Number 18511201
942 ## - ADDED ENTRY ELEMENTS (KOHA)
Source of classification or shelving scheme
Koha item type Analítica Artículo de Revista

No hay ítems disponibles.

12 de Octubre 789 Ushuaia - Tel:  54(02901)441571
Horario de Atención: 8.00 a 17.00 hs. 
bibliotecaush@justierradelfuego.gov.ar
koha@justierradelfuego.gov.ar
Seguinos en nuestras redes @bibliojustdf 

Con tecnología Koha